15 most recent lead singers at the Super bowl - Statistics

General Stats
  • This quiz has been taken 47 times
  • The average score is 4 of 15
Answer Stats
Super Bowl Singer(s) % Correct
Super Bowl XLVII Beyoncé
58%
Super Bowl XLVIII Bruno Mars
58%
Super Bowl LII Justin Timberlake
56%
Super Bowl LI Lady Gaga
53%
Super Bowl XLIX Katy Perry
42%
Super Bowl XLI Prince
35%
Super Bowl XXXVIII Janet Jackson
26%
Super Bowl L Coldplay
23%
Super Bowl XLVI Madonna
23%
Super Bowl XLIII Bruce Springsteen
14%
Super Bowl XXXIX Paul McCartney
12%
Super Bowl XLV The Black Eyed Peas
9%
Super Bowl XLIV The Who
9%
Super Bowl XLII Tom Petty
9%
Super Bowl XL The Rolling Stones
7%
No matching quizzes found
Score Distribution
Percent of People with Each Score
Percentile by Number Answered
Your Score History
You have not taken this quiz